Aluminium composite material cladding (Record no. 121477)

MARC details
000 -LEADER
fixed length control field 00914nam a22001697a 4500
008 - FIXED-LENGTH DATA ELEMENTS--GENERAL INFORMATION
fixed length control field 230428s2023 xxk|||||o||||o00| 0 eng d
041 ## - LANGUAGE CODE
Language code of text/sound track or separate title eng
245 ## - TITLE STATEMENT
Title Aluminium composite material cladding
260 ## - PUBLICATION INFORMATION
Publisher Department for Levelling Up, Housing and Communities,
Date Continuously updated
520 ## - ABSTRACT
Abstract Information and advice for building owners, landlords and leaseholders where aluminium composite cladding is present on their building. This resource is continually updated. An update in April 2023 updated the section on use of information collected on buildings with funding in place to remove ACM cladding systems.
650 ## - KEYWORDS
Keywords CLADDING
651 ## - SUBJECT ADDED ENTRY--GEOGRAPHIC NAME
Geographic name United Kingdom
690 ## - BROAD SUBJECT
9 (RLIN) 6223
Broad subject Building materials & defects
710 ## - ADDED CORPORATE NAME
Added corporate author Department for Levelling Up, Housing and Communities
856 ## - ONLINE RESOURCE
Uniform Resource Identifier <a href="https://www.gov.uk/guidance/aluminium-composite-material-cladding">https://www.gov.uk/guidance/aluminium-composite-material-cladding</a>
Public note Available on GOV.uk
942 ## - ADDED ENTRY ELEMENTS (KOHA)
Suppress in OPAC Do not suppress in OPAC
Holdings
Lost status Damaged status Not for loan Home library Current library Shelving location Date acquired Total Checkouts Full call number Date last seen Price effective from Koha item type
      Virtual Virtual Online 28/04/2023   ONLINE PUBLICATION 28/04/2023 28/04/2023 Online material